Statistics for Sweet About Me - Gabriella Cilmi - All Lyrics

Click here to take the quiz!

General Stats

  • This quiz has been taken 3 times
  • The average score is 244 of 272

Answer Stats

Answer% Correct
A
100%
a
100%
about
100%
be
100%
blue
100%
blue,
100%
Blue,
100%
boy
100%
burns
100%
by
100%
by,
100%
come
100%
desire
100%
don't
100%
Don’t
100%
easily
100%
fire,
100%
Hanging
100%
hard
100%
hundred
100%
I’d
100%
If
100%
in
100%
it
100%
learned
100%
lessons
100%
lie
100%
lies
100%
like
100%
me,
100%
me
100%
my
100%
Nothing
100%
of
100%
oh
100%
Ooh,
100%
perfect
100%
place
100%
playing
100%
rather
100%
running
100%
smile
100%
so
100%
sweet
100%
Sweet
100%
The
100%
the
100%
there's
100%
this
100%
time
100%
to
100%
watching
100%
When
100%
when
100%
Why
100%
with
100%
words
100%
worth
100%
ya
100%
yeah
100%
you
100%
you're
100%
ain't
50%
all
50%
And
50%
As
50%
better
50%
catch
50%
climax
50%
crash
50%
down,
50%
first,
50%
found
50%
get
50%
goes
50%
it's
50%
I've
50%
ride
50%
side
50%
smooth,
50%
something
50%
string
50%
Tell
50%
that
50%
That
50%
they
50%
too,
50%
too
50%
tracks?
50%
upside
50%
waves,
50%
world's
50%
jamming
0%

Score Distribution

Percentile by Number Answered

Percent of People with Each Score

Your Score History

You have not taken this quiz